000 00711nam a22002057a 4500
005 2010072206116.0
010 _aENG-96485
020 _a8187710187
_c400.00
035 _aEN-80018
037 _bDBAD/PUB
082 _a232.9
100 _aLakshmikanathan, V .
_9768
245 _aThe orgin and the history of mathesmatics/
_cby V Lakshmikanthan
260 _aNewyork
_bDilip and Dipika Doctor
_cn.d
270 _aH.O.1051, sec 1,rohtak
_bHaryana
300 _a182p.
_c22cm (Hb)
700 _aDevi,asundhara V
_9769
942 _2ddc
_cEN
_h232.9
_mLAK
999 _c37243
_d37243